| 000 -LEADER |
| fixed length control field |
00606nam a2200205 a 4500 |
| 003 - CONTROL NUMBER IDENTIFIER |
| control field |
PK-NaQUE |
| 005 - DATE AND TIME OF LATEST TRANSACTION |
| control field |
20251124091433.0 |
| 008 - FIXED-LENGTH DATA ELEMENTS--GENERAL INFORMATION |
| fixed length control field |
251124b ||||| |||| 00| 0 eng d |
| 020 ## - INTERNATIONAL STANDARD BOOK NUMBER |
| International Standard Book Number |
0028224337 (hardcover) |
| 020 ## - INTERNATIONAL STANDARD BOOK NUMBER |
| International Standard Book Number |
9780028224336 (hardcover) |
| 040 ## - CATALOGING SOURCE |
| Transcribing agency |
QUEST |
| 100 1# - MAIN ENTRY--PERSONAL NAME |
| Personal name |
Ritchie, Donald A. |
| 245 10 - TITLE STATEMENT |
| Title |
American History : the modern era since 1865 |
| 250 ## - EDITION STATEMENT |
| Edition statement |
2nd ed. |
| 260 ## - PUBLICATION, DISTRIBUTION, ETC. (IMPRINT) |
| Place of publication, distribution, etc |
[S.l.] : |
| Name of publisher, distributor, etc |
McGraw-Hill/Glencoe, |
| Date of publication, distribution, etc |
2006. |
| 300 ## - PHYSICAL DESCRIPTION |
| Extent |
918 p. ; |
| 650 ## - SUBJECT ADDED ENTRY--TOPICAL TERM |
| Topical term or geographic name as entry element |
United States--History--1865- |
| 856 40 - ELECTRONIC LOCATION AND ACCESS |
| Uniform Resource Identifier |
http://10.10.170.122:8080/browse/book/28952 |
| Link text |
Download eBook |
| 942 ## - ADDED ENTRY ELEMENTS (KOHA) |
| Koha item type |
Books |
| Source of classification or shelving scheme |
|